LEADER 01661oam 2200469z 450 001 9910164695903321 005 20230306185133.0 010 $a0-8031-4988-3 035 $a(CKB)3170000000045332 035 $a(SSID)ssj0001490262 035 $a(PQKBManifestationID)11829620 035 $a(PQKBTitleCode)TC0001490262 035 $a(PQKBWorkID)11460223 035 $a(PQKB)11525771 035 $a(EXLCZ)993170000000045332 100 $a20160829h19861986 uy 0 101 0 $aeng 181 $ctxt$2rdacontent 182 $cc$2rdamedia 183 $acr$2rdacarrier 200 10$aQuality control in remedial site investigation $ehazardous and industrial solid waste testing, fifth volume : a symposium /$feditor, Cary L. Perket 210 31$aPhiladelphia :$cAmerican Society for Testing & Materials,$d1986 210 4$a©1986 215 $a1 online resource (217 pages) $cillustrations 300 $aBibliographic Level Mode of Issuance: Monograph 300 $a"ASTM publication code number (PCN) 04-925000-16." 311 $a0-8031-0451-0 410 0$aASTM special technical publication 606 $aFactory and trade waste$xTesting$vCongresses 606 $aHazardous wastes$xTesting$vCongresses 606 $aQuality control$vCongresses 615 0$aFactory and trade waste$xTesting 615 0$aHazardous wastes$xTesting 615 0$aQuality control 676 $a363.7/28 701 $aPerket$b Cary L$01230483 712 12$aASTM Committee D-34 on Waste Disposal. 801 0$bPQKB 906 $aBOOK 912 $a9910164695903321 996 $aQuality control in remedial site investigation$93040324 997 $aUNINA LEADER 01950nam0 22003371i 450 001 UON00184446 005 20231205103147.98 100 $a20030730d1990 |0itac50 ba 101 $aita 102 $aIT 105 $a|||| 1|||| 200 1 $aˆLa ‰Sardegna nel mondo mediterraneo$eatti del terzo convegno internazionale di studi geografico-storici$fUniversità di Sassari 210 $aSassari$cEdizioni Gallizzi ; Nuoro$cIstituto superiore regionale etnografico$d1990 - vv. ; 22 cm 215 $aVol. V: L'acqua del Mediterraneo / a cura di Pasquale Brandis$dVol. VI: Per una s toria dell'acqua in Sardegna / a cura di Manlio Brigaglia$dVol. VII: Le tecniche del l'acqua / a cura di Giuseppe Scanu. 517 1$3UON00370752$aAtti del terzo convegno internazionale di studi geografico-storici : Sassari- Porto Cervo-Bono, 10-14 aprile 1985 606 $aSardegna$xGeografia$xStudi$3UONC038040$2FI 620 $dSassari$3UONL000427 620 $dNuoro$3UONL001141 702 1$aBRANDIS$bPasquale$3UONV106888 702 1$aBRIGAGLIA$bManlio$3UONV101054 702 1$aScanu$bGiuseppe$3UONV000059 712 02$aUniversità degli Studi$cSassari$3UONV103537 712 $aGallizzi$3UONV250460$4650 712 $aIstituto superiole regionale etnografico$3UONV278725$4650 801 $aIT$bSOL$c20251031$gRICA 912 $aUON00184446 950 $aSIBA - SISTEMA BIBLIOTECARIO DI ATENEO$dSI VII GEO E A 0217/VII $eSI SC 22745 5 0217/VII $sBuono 950 $aSIBA - SISTEMA BIBLIOTECARIO DI ATENEO$dSI VII GEO E A 0217/V $eSI SC 22743 5 0217/V $sBuono 950 $aSIBA - SISTEMA BIBLIOTECARIO DI ATENEO$dSI VII GEO E A 0217/VI $eSI SC 22744 5 0217/VI $sBuono 996 $aSardegna nel mondo mediterraneo$9615668 997 $aUNIOR